| 000 | 01125nam a2200265Ia 4500 | ||
|---|---|---|---|
| 003 | OSt | ||
| 005 | 20220923211520.0 | ||
| 006 | a|||||r|||| 00| 0 | ||
| 007 | ta | ||
| 008 | 220922b |||||||| |||| 00| 0 san d | ||
| 020 |
_a9789380651194 (hbk) _c375 |
||
| 024 | _a261,135 | ||
| 037 |
_b103, 04/10/2011, Vidyanidhi Prakashan _cTextual |
||
| 040 |
_aARTS _cARTS _bsan |
||
| 041 |
_2san _asan |
||
| 082 | _aR625x3,1, 152Q1 | ||
| 100 |
_aशास्त्री, जगदीशचन्द्र; शास्त्री, धर्मेन्द्र, संपा. _9160666 |
||
| 245 | 0 | _aन्याय कुसुमा अंजली | |
| 246 | _aNyāya kusumā aanjalī | ||
| 260 |
_aदिल्ली _b विद्यानिधि प्रकाशन _c2011 |
||
| 300 |
_a190पृ0 _ccm. |
||
| 650 | _aधर्मशास्त्र | ||
| 942 |
_hR625x3,1, 152Q1 _cTEXL _2CC |
||
| 999 |
_c300303 _d300303 |
||